Tribhuvan University Central Library

Positive life: the sociological and cultural roots of the HIV/AIDS epidemic as told by 15 young Nepali men and women (Record no. 19688)

MARC details
000 -LEADER
fixed length control field 008680000a22003130004500
015 ## - NATIONAL BIBLIOGRAPHY NUMBER
National bibliography number NNB
082 ## - DEWEY DECIMAL CLASSIFICATION NUMBER
Classification number 362.1969792
Item number Sh23p
-- N
041 ## - LANGUAGE CODE
Language code of text/sound track or separate title Eng
100 ## - MAIN ENTRY--PERSONAL NAME
Personal name Sharma, Kedar, ed.
100 ## - MAIN ENTRY--PERSONAL NAME
Personal name K.C., Prakirti, interviewer
100 ## - MAIN ENTRY--PERSONAL NAME
Personal name Gautam, Manish, interviewer
245 ## - TITLE STATEMENT
Title Positive life: the sociological and cultural roots of the HIV/AIDS epidemic as told by 15 young Nepali men and women
260 ## - PUBLICATION, DISTRIBUTION, ETC. (IMPRINT)
Place of publication, distribution, etc Kathmandu
Name of publisher, distributor, etc Panos South Asia, Nepal
260 ## - PUBLICATION, DISTRIBUTION, ETC. (IMPRINT)
Date of publication, distribution, etc 1999
300 ## - PHYSICAL DESCRIPTION
Extent 110p.
Other physical details illus
500 ## - GENERAL NOTE
General note Tr. from Nepali
518 ## - DATE/TIME AND PLACE OF AN EVENT NOTE
Date/time and place of an event note 990914
530 ## - ADDITIONAL PHYSICAL FORM AVAILABLE NOTE
Additional physical form available note M
650 ## - SUBJECT ADDED ENTRY--TOPICAL TERM
Topical term or geographic name as entry element Humanitarian assistance
650 ## - SUBJECT ADDED ENTRY--TOPICAL TERM
Topical term or geographic name as entry element Sexually transmitted diseases
650 ## - SUBJECT ADDED ENTRY--TOPICAL TERM
Topical term or geographic name as entry element Biographies
650 ## - SUBJECT ADDED ENTRY--TOPICAL TERM
Topical term or geographic name as entry element Life styles
650 ## - SUBJECT ADDED ENTRY--TOPICAL TERM
Topical term or geographic name as entry element Social behaviour
650 ## - SUBJECT ADDED ENTRY--TOPICAL TERM
Topical term or geographic name as entry element Prostitution
650 ## - SUBJECT ADDED ENTRY--TOPICAL TERM
Topical term or geographic name as entry element AIDS
651 ## - SUBJECT ADDED ENTRY--GEOGRAPHIC NAME
Geographic name Nepal
650 ## - SUBJECT ADDED ENTRY--TOPICAL TERM
Topical term or geographic name as entry element Humanitarian problems
942 ## - ADDED ENTRY ELEMENTS (KOHA)
Koha item type General Collections
Holdings
Withdrawn status Lost status Damaged status Not for loan Home library Current library Date acquired Total Checkouts Barcode Date last seen Price effective from Source of classification or shelving scheme Full call number Koha item type
        Tribhuvan University Central Library Tribhuvan University Central Library 06/20/2010   120636 06/20/2010 06/20/2010      
        Tribhuvan University Central Library Tribhuvan University Central Library 06/20/2010   120637 06/20/2010 06/20/2010      
        Tribhuvan University Central Library Tribhuvan University Central Library 01/28/2011   G50675 01/28/2011 01/28/2011 Dewey Decimal Classification 362.1969792 Sh23p General Collections